[Event "Est ch 2020 U12"]
[Site "?"]
[Date "2020.01.26"]
[Round "7.12"]
[White "Gasanbekov, Miroslav"]
[Black "Jarts, Nikita"]
[Result "1-0"]
[WhiteElo "1299"]
[BlackElo "1082"]
[PlyCount "153"]
[SourceVersionDate "2020.01.31"]

1. Nf3 c5 2. d4 cxd4 3. Nxd4 Nf6 4. Nc3 a6 5. e4 d6 6. Bg5 e6 7. Bd3 Be7 8. O-O
O-O 9. Nf3 b5 10. a3 Bb7 11. Re1 Qc7 12. Qe2 Nbd7 13. Rad1 Rac8 14. Bh4 h6 15.
Bg3 Ng4 16. h3 Nge5 17. Qe3 Nxf3+ 18. Qxf3 f5 19. Qe2 f4 20. Bh2 Bh4 21. Qg4
Bg5 22. Qxe6+ Kh8 23. Qg4 Ne5 24. Qe2 Qf7 25. f3 Bh4 26. Rf1 h5 27. Nd5 Bxd5
28. exd5 Qxd5 29. Bf5 Qc5+ 30. Kh1 Rxf5 31. Qe4 Ng6 32. Rxd6 Qxd6 33. Qxf5 Rd8
34. Qxh5+ Kg8 35. Bxf4 Qxf4 36. Qxg6 Bf6 37. Re1 Be5 38. Qe6+ Kh8 39. Qxe5 Qd2
40. Qh5+ Kg8 41. Re8+ Rxe8 42. Qxe8+ Kh7 43. Qe4+ Kg8 44. Kh2 Qd6+ 45. Kg1 Qd1+
46. Kf2 Qc1 47. Qd3 Qxb2 48. Qb3+ Qxb3 49. cxb3 Kf7 50. Ke3 Ke6 51. Kd4 Kd6 52.
g4 Ke6 53. Kc5 Ke5 54. Kb6 Kf4 55. Kxa6 Kxf3 56. Kxb5 Kg3 57. a4 Kxh3 58. a5
Kxg4 59. a6 Kh3 60. a7 g5 61. a8=Q g4 62. Qh8+ Kg3 63. Kc4 Kf3 64. b4 g3 65. b5
g2 66. Qf6+ Kg4 67. Qg6+ Kf4 68. Qxg2 Ke3 69. Qd5 Kf4 70. Qe6 Kg5 71. Qf7 Kg4
72. Qf6 Kh5 73. Qg7 Kh4 74. Kd4 Kh5 75. Ke5 Kh4 76. Kf4 Kh3 77. Qg3# 1-0

[Event "Est ch 2020 U12"]
[Site "?"]
[Date "2020.01.26"]
[Round "7.13"]
[White "Kompus, Karl Erik"]
[Black "Sai, Oskar"]
[Result "1/2-1/2"]
[WhiteElo "1128"]
[BlackElo "1015"]
[PlyCount "123"]
[SourceVersionDate "2020.01.31"]

1. e4 e5 2. Nf3 Nf6 3. Nc3 Nc6 4. Bb5 Bd6 5. O-O O-O 6. d3 a6 7. Bxc6 bxc6 8.
Bg5 Bb7 9. d4 exd4 10. Qxd4 c5 11. Qe3 Ng4 12. Bxd8 Nxe3 13. fxe3 Raxd8 14. e5
Be7 15. e4 f6 16. Nd5 Bxd5 17. exd5 fxe5 18. Nxe5 Bf6 19. Rfe1 Rfe8 20. Nc4
Bd4+ 21. Kf1 Rf8+ 22. Ke2 Rf2+ 23. Kd3 Rxg2 24. c3 Bf2 25. Re2 Rxh2 26. Ne3 Bg3
27. Nf1 Rxe2 28. Kxe2 Bd6 29. Ne3 Re8 30. Rf1 h6 31. Kd3 g5 32. Nc4 Kg7 33. Ne3
Rf8 34. Nf5+ Kg8 35. Nxh6+ Kg7 36. Nf5+ Kg8 37. Ne3 Rxf1 38. Nxf1 g4 39. Ne3 g3
40. Kc4 Kf7 41. Kd3 Kf6 42. Ke2 Kg5 43. Kf1 Kh4 44. Kg2 Bf4 45. Nf5+ Kg4 46.
Ne7 Bc1 47. b3 Bd2 48. c4 Be1 49. Nc8 Kf4 50. d6 Ba5 51. dxc7 Bxc7 52. Ne7 Ke3
53. Nd5+ Kd3 54. Nxc7 a5 55. Na6 d6 56. Kxg3 Kc2 57. Kf3 Kb2 58. Ke4 Kxa2 59.
Kd5 Kxb3 60. Kxd6 a4 61. Nxc5+ Kxc4 62. Nxa4 1/2-1/2

[Event "Est ch 2020 U12"]
[Site "?"]
[Date "2020.01.26"]
[Round "7.14"]
[White "Lehes, Ott Oskar"]
[Black "Tsõganov, Jaroslav"]
[Result "1-0"]
[WhiteElo "1269"]
[BlackElo "1046"]
[PlyCount "37"]
[SourceVersionDate "2020.01.31"]

1. e4 c5 2. Nf3 e6 3. d4 cxd4 4. Nxd4 a6 5. Nc3 Bb4 6. Bc4 Nf6 7. Qf3 O-O 8.
O-O Bc5 9. Be3 d5 10. exd5 b5 11. Bb3 Bb7 12. Nxe6 Qe7 13. Bxc5 Qe8 14. Nxf8
Nbd7 15. Nxd7 Nxd7 16. Rfe1 Qc8 17. Bd4 b4 18. Qg3 bxc3 19. Qxg7# 1-0

[Event "Est ch 2020 U12"]
[Site "?"]
[Date "2020.01.26"]
[Round "7.15"]
[White "Gridin, Maksim"]
[Black "Hajanen, Oliver"]
[Result "1-0"]
[WhiteElo "1153"]
[BlackElo "1173"]
[PlyCount "69"]
[SourceVersionDate "2020.01.31"]

1. c4 e6 2. d4 d5 3. cxd5 exd5 4. Nc3 Nf6 5. Nf3 Nc6 6. Bg5 Be7 7. e3 O-O 8.
Bd3 h6 9. Bh4 Ne4 10. Bxe7 Qxe7 11. O-O Bg4 12. Nxd5 Qe8 13. Nxc7 Qe7 14. Nxa8
Bxf3 15. gxf3 Ng5 16. Kg2 Qe6 17. Be2 Ne7 18. f4 Qh3+ 19. Kh1 Ne4 20. Bf3 f5
21. Bxe4 fxe4 22. Rg1 Rf5 23. Qg4 Qxg4 24. Rxg4 Nd5 25. Rag1 Kh8 26. Rxg7 Rf8
27. Nc7 Nxc7 28. Rxc7 Rb8 29. d5 Rd8 30. Rd1 Kg8 31. d6 Kf8 32. d7 Ke7 33. Rxb7
Ra8 34. d8=Q+ Ke6 35. Qxa8 1-0

[Event "Est ch 2020 U12"]
[Site "?"]
[Date "2020.01.26"]
[Round "7.16"]
[White "Akulistõi, Andrei"]
[Black "Kaletin, Artjom"]
[Result "1-0"]
[WhiteElo "1164"]
[BlackElo "1101"]
[PlyCount "46"]
[SourceVersionDate "2020.01.31"]

1. e4 c5 2. Nf3 Nc6 3. Bc4 e5 4. O-O Nf6 5. Nc3 Be7 6. Re1 d6 7. Bb5 Bd7 8. d3
h6 9. h3 O-O 10. a3 a6 11. Bc4 Be6 12. Ba2 Re8 13. Ne2 d5 14. exd5 Bxd5 15. c4
Bxf3 16. gxf3 Bd6 17. Ng3 e4 18. fxe4 Bxg3 19. fxg3 Nxe4 20. dxe4 Qxd1 21. Rxd1
Rxe4 22. Bf4 Nd4 23. Bb1 Re6 {loetamatu} 1-0

[Event "Est ch 2020 U12"]
[Site "?"]
[Date "2020.01.26"]
[Round "8.1"]
[White "Mertins, Ostap"]
[Black "Köösel, Hans-Georg"]
[Result "1/2-1/2"]
[WhiteElo "1561"]
[BlackElo "1580"]
[PlyCount "115"]
[SourceVersionDate "2020.01.31"]

1. e4 e5 2. d4 exd4 3. Qxd4 Nc6 4. Qe3 d6 5. Nc3 Nf6 6. Bd2 Be7 7. f3 Be6 8.
Bb5 a6 9. Ba4 b5 10. Bb3 Ne5 11. Nge2 c5 12. Bxe6 fxe6 13. b3 Rc8 14. Nf4 Qd7
15. O-O Nc6 16. Nce2 O-O 17. Rfd1 e5 18. Nh3 Nd4 19. Rac1 h6 20. Bc3 Qc6 21.
Ng3 Nh7 22. Bxd4 cxd4 23. Qd3 Ng5 24. Nf5 Nxh3+ 25. gxh3 Bg5 26. f4 Rxf5 27.
exf5 Bxf4 28. Re1 Bxc1 29. Rxc1 Qc3 30. Qg3 Qxg3+ 31. hxg3 d3 32. c3 e4 33. Kf2
b4 34. c4 Rc5 35. g4 a5 36. Ke3 Re5 37. Rf1 Kf7 38. Rd1 Kf6 39. a3 bxa3 40. Ra1
Kg5 41. Rxa3 Kh4 42. Ra1 Kxh3 43. Rg1 Kh2 44. Ra1 Kg2 45. Rb1 Kh3 46. Rg1 Re8
47. g5 hxg5 48. Rxg5 Re7 49. Rg6 Kh4 50. Rxd6 Kg5 51. Rd5 Rb7 52. Kxe4 Rxb3 53.
Rxa5 d2 54. Rd5 Rb4 55. Rxd2 Rxc4+ 56. Kf3 Kxf5 57. Rd5+ Kf6 58. Ra5 1/2-1/2

[Event "Est ch 2020 U12"]
[Site "?"]
[Date "2020.01.26"]
[Round "8.2"]
[White "Rõtshagov, Anton"]
[Black "Pomaznjov, Aleksei"]
[Result "1-0"]
[WhiteElo "1546"]
[BlackElo "1435"]
[PlyCount "71"]
[SourceVersionDate "2020.01.31"]

1. e4 e5 2. Nf3 Nc6 3. d4 exd4 4. Nxd4 Qh4 5. Nc3 Bb4 6. Be2 Bxc3+ 7. bxc3 Qxe4
8. Nb5 Kd8 9. O-O a6 10. Bd3 Qh4 11. Nd4 Nxd4 12. cxd4 d5 13. c3 Nf6 14. f3 Be6
15. Bd2 Re8 16. Be1 Qg5 17. Bd2 Qh4 18. Rb1 b6 19. Qa4 Bd7 20. Qc2 Kc8 21. Be1
Qg5 22. c4 Ra7 23. a4 dxc4 24. Bxc4 Nd5 25. Bxd5 Qxd5 26. Rxb6 Qxd4+ 27. Bf2
Qxa4 28. Qc3 Rb7 29. Rc1 Qf4 30. Rxb7 Kxb7 31. Bg3 Qe3+ 32. Qxe3 Rxe3 33. Rxc7+
Kb6 34. Rxd7 h5 35. Rxf7 g5 36. Bf2 1-0

[Event "Est ch 2020 U12"]
[Site "?"]
[Date "2020.01.26"]
[Round "8.3"]
[White "Pallum, Rasmus"]
[Black "Ott, Karl Eric"]
[Result "0-1"]
[WhiteElo "1399"]
[BlackElo "1380"]
[PlyCount "44"]
[SourceVersionDate "2020.01.31"]

1. d4 c5 2. Nf3 Nf6 3. e3 e6 4. Bd3 d5 5. b3 Be7 6. Bb2 Nc6 7. O-O O-O 8. Nbd2
Nb4 9. Be2 a6 10. c4 dxc4 11. Nxc4 b5 12. Nce5 Bb7 13. a3 Nbd5 14. Rc1 Rc8 15.
dxc5 Bxc5 16. Nd4 Qd6 17. Nc2 Rfd8 18. b4 Bb6 19. Qd3 Qe7 20. Qb3 Ne4 21. Nf3
Ndc3 22. Ncd4 Bxd4 0-1

[Event "Est ch 2020 U12"]
[Site "?"]
[Date "2020.01.26"]
[Round "8.4"]
[White "Dudakov, Andrei"]
[Black "Snitsarenko, Ilja"]
[Result "1-0"]
[WhiteElo "1485"]
[BlackElo "1385"]
[PlyCount "120"]
[SourceVersionDate "2020.01.31"]

1. d4 Nf6 2. c4 g6 3. Nc3 Bg7 4. e4 d6 5. Nf3 O-O 6. Be2 e5 7. d5 Bg4 8. O-O
Nbd7 9. h3 Bxf3 10. Bxf3 Nb6 11. Be2 c6 12. Be3 cxd5 13. cxd5 Rc8 14. Bg5 Qd7
15. Bxf6 Bxf6 16. Bg4 Qc7 17. Bxc8 Rxc8 18. Rc1 Qc4 19. Qe2 Qb4 20. Qb5 Rc4 21.
Qxb4 Rxb4 22. b3 Bg5 23. Rc2 Nd7 24. Kh1 Nc5 25. f3 Be3 26. Re2 Bd4 27. Nb1 a6
28. Na3 Rb6 29. Nc4 Rb5 30. Nxd6 Rb4 31. Nc4 Nd3 32. Na3 Nf4 33. Rc2 Nh5 34.
Rd1 Nf6 35. Rc8+ Kg7 36. Nc2 Rb5 37. Nxd4 exd4 38. Rxd4 Nd7 39. d6 Kf6 40. Rc7
Ke6 41. f4 Rb6 42. e5 f6 43. exf6 Rxd6 44. Rxd6+ Kxd6 45. Rxb7 Nxf6 46. Rb6+
Ke7 47. Rxa6 Nd5 48. Ra7+ Ke6 49. Rxh7 Nxf4 50. Rc7 Nd5 51. Rc5 Nb4 52. a4 Nd3
53. Rc8 Nf2+ 54. Kg1 Ne4 55. a5 Nd6 56. Rc6 Kd7 57. Rxd6+ Kxd6 58. a6 Kc7 59.
b4 Kb6 60. b5 Ka7 1-0

[Event "Est ch 2020 U12"]
[Site "?"]
[Date "2020.01.26"]
[Round "8.5"]
[White "Õim, Mikk Kaarel"]
[Black "East, Marek"]
[Result "1-0"]
[WhiteElo "1428"]
[BlackElo "1429"]
[PlyCount "63"]
[SourceVersionDate "2020.01.31"]

1. e4 e5 2. Nf3 Nc6 3. Bb5 Bc5 4. O-O d6 5. c3 a6 6. Ba4 b5 7. Bc2 Qf6 8. d3 h6
9. Be3 Ba7 10. h3 Nge7 11. d4 exd4 12. cxd4 O-O 13. Re1 Re8 14. Nc3 Ng6 15. Nd5
Qd8 16. Qd2 Kh7 17. Qc3 Bb7 18. Rad1 Rc8 19. e5 dxe5 20. dxe5 Bd4 21. Bxd4 Qxd5
22. e6 Rxe6 23. Bxg7 Rxe1+ 24. Rxe1 Rg8 25. Bf6 Nd8 26. Rd1 Qxa2 27. Bxd8 Qe6
28. Qxc7 Bxf3 29. gxf3 Qe2 30. Qxf7+ Rg7 31. Bxg6+ Kh8 32. Qf8+ 1-0

[Event "Est ch 2020 U12"]
[Site "?"]
[Date "2020.01.26"]
[Round "8.6"]
[White "Sizov, Lev"]
[Black "Kaldmaa, Janis"]
[Result "0-1"]
[WhiteElo "1490"]
[BlackElo "1400"]
[PlyCount "52"]
[SourceVersionDate "2020.01.31"]

1. c4 e5 2. Nc3 Nc6 3. e4 Nf6 4. d3 b6 5. Bg5 h6 6. Bxf6 Qxf6 7. Nd5 Bb4+ 8.
Nxb4 Nxb4 9. a3 Nc6 10. Nf3 Bb7 11. Be2 a5 12. Rb1 Qe7 13. O-O g5 14. h3 h5 15.
Nh2 g4 16. hxg4 hxg4 17. Bxg4 Qh4 18. Bh3 O-O-O 19. Qg4 Nd4 20. Rfe1 Rdg8 21.
Qxh4 Rxh4 22. Ng4 Kd8 23. Rbc1 d6 24. Re3 Bc8 25. Kf1 Bxg4 26. Bxg4 Rh1# 0-1

[Event "Est ch 2020 U12"]
[Site "?"]
[Date "2020.01.26"]
[Round "8.7"]
[White "Lain, Sander"]
[Black "Rajandu, Aaron"]
[Result "1/2-1/2"]
[WhiteElo "1240"]
[BlackElo "1266"]
[PlyCount "88"]
[SourceVersionDate "2020.01.31"]

1. e4 c6 2. c4 e5 3. Nf3 d6 4. Nc3 Nd7 5. Be2 Ngf6 6. d3 Be7 7. O-O O-O 8. b4
Nb6 9. a4 d5 10. a5 Bxb4 11. axb6 Bxc3 12. Rxa7 Rxa7 13. bxa7 Qa5 14. cxd5 cxd5
15. Bd2 Bxd2 16. Qxd2 Qxa7 17. Nxe5 dxe4 18. dxe4 Nxe4 19. Qe3 Qxe3 20. fxe3
Nc3 21. Bc4 Be6 22. Rc1 Bxc4 23. Rxc3 Bb5 24. Rc7 Ba6 25. Nd7 Re8 26. Nc5 h6
27. Nxb7 Bxb7 28. Rxb7 Rxe3 29. h3 h5 30. Kf2 Ra3 31. Kg1 g5 32. Kh2 Kg7 33.
Rb4 Ra6 34. h4 g4 35. Rb5 Kg6 36. Rg5+ Kh6 37. Rb5 f6 38. Kg3 Kg6 39. Kf4 Ra4+
40. Kg3 f5 41. Rb6+ Kf7 42. Rb7+ Ke6 43. Rb6+ Ke5 44. Rh6 f4+ {loetamatu}
1/2-1/2

[Event "Est ch 2020 U12"]
[Site "?"]
[Date "2020.01.26"]
[Round "8.8"]
[White "Karis, Fredi"]
[Black "Dukov, Vladimir"]
[Result "0-1"]
[WhiteElo "1335"]
[BlackElo "1570"]
[PlyCount "82"]
[SourceVersionDate "2020.01.31"]

1. e4 e6 2. d4 d5 3. exd5 exd5 4. c3 Bd6 5. Bd3 Ne7 6. Be3 Bf5 7. Ne2 Bxd3 8.
Qxd3 Ng6 9. O-O O-O 10. Nd2 Nd7 11. c4 Nf6 12. Bg5 dxc4 13. Nxc4 h6 14. Bxf6
Qxf6 15. Nxd6 Qxd6 16. Qg3 Qe7 17. Rfe1 Rfe8 18. Rac1 c6 19. h3 Qd7 20. b3 Rad8
21. Kh1 Qf5 22. Kg1 Qb5 23. Rc4 Qa5 24. Qc3 Qxa2 25. Qc2 Qxc2 26. Rxc2 Rxd4 27.
Ra1 Rde4 28. Kf1 a6 29. Rd1 R4e7 30. Rcd2 Kh7 31. Rd7 Rxe2 32. Rxb7 Nf4 33.
Rxf7 Nd3 34. g3 Re1+ 35. Rxe1 Rxe1+ 36. Kg2 Nb4 37. Rb7 Nd5 38. Ra7 Ra1 39. Rb7
Ra5 40. h4 Rb5 41. Ra7 Rb6 0-1

[Event "Est ch 2020 U12"]
[Site "?"]
[Date "2020.01.26"]
[Round "8.9"]
[White "Lehes, Ott Oskar"]
[Black "Cherentsov, Mihhail"]
[Result "1/2-1/2"]
[WhiteElo "1269"]
[BlackElo "1274"]
[PlyCount "37"]
[SourceVersionDate "2020.01.31"]

1. d4 g6 2. c3 d6 3. Nf3 Bg7 4. Bf4 b6 5. h3 Bb7 6. Bh2 Nf6 7. Nbd2 Nbd7 8. e3
O-O 9. Bd3 e5 10. Qc2 exd4 11. cxd4 Re8 12. O-O Rc8 13. Rfd1 d5 14. Rac1 c5 15.
dxc5 Rxc5 16. Qa4 Ra5 17. Qb3 Nc5 18. Qc2 Rxa2 19. Bb5 1/2-1/2

[Event "Est ch 2020 U12"]
[Site "?"]
[Date "2020.01.26"]
[Round "8.10"]
[White "Gorkov, Kirill"]
[Black "Gridin, Maksim"]
[Result "1/2-1/2"]
[WhiteElo "1197"]
[BlackElo "1153"]
[PlyCount "38"]
[SourceVersionDate "2020.01.31"]

1. e4 c5 2. Nf3 Nc6 3. d4 cxd4 4. Nxd4 Qb6 5. Nb3 Nf6 6. Nc3 e6 7. Be3 Qc7 8.
a3 a6 9. f4 e5 10. f5 Be7 11. Bd3 b5 12. O-O Bb7 13. Qf3 O-O-O 14. Nc5 Nd4 15.
Bxd4 exd4 16. Nxb7 Qxb7 17. Ne2 Bc5 18. Kh1 Rhe8 19. Ng3 d6 1/2-1/2

[Event "Est ch 2020 U12"]
[Site "?"]
[Date "2020.01.26"]
[Round "8.11"]
[White "Leito, Erik"]
[Black "Aleksejev, Artjom"]
[Result "0-1"]
[WhiteElo "1290"]
[BlackElo "1407"]
[PlyCount "142"]
[SourceVersionDate "2020.01.31"]

1. e4 e5 2. Nf3 Nc6 3. d4 exd4 4. Nxd4 Nf6 5. Nc3 Bb4 6. Nxc6 bxc6 7. Bd3 O-O
8. O-O Re8 9. Bg5 d6 10. Qf3 Bxc3 11. bxc3 h6 12. Bxf6 Qxf6 13. Qxf6 gxf6 14.
Rfe1 Bb7 15. Rab1 Rab8 16. Re3 Kf8 17. Rh3 Kg7 18. Rg3+ Kh8 19. Re1 d5 20. Ree3
c5 21. exd5 Rxe3 22. Rxe3 Bxd5 23. h3 Bxa2 24. Re7 Rb7 25. Be4 Rb1+ 26. Kh2 Re1
27. f3 f5 28. Re8+ Kg7 29. Bc6 Rxe8 30. Bxe8 a5 31. g4 fxg4 32. hxg4 Kf8 33.
Bd7 Ke7 34. Bc6 Kd6 35. Bb5 c6 36. Ba4 Bc4 37. Bb3 Kd5 38. Ba4 Bb5 39. Bb3+ c4
40. Ba2 a4 41. Kg3 a3 42. Kf4 Ba4 43. g5 hxg5+ 44. Kxg5 Bxc2 45. Kf6 Bb3 46.
Bb1 a2 47. Bxa2 Bxa2 48. Kf5 Kc5 49. Ke5 Kb5 50. f4 Bb1 51. Kd4 Bd3 52. Ke5 Ka4
53. Kd6 Kb3 54. Kxc6 Kxc3 55. Kd7 Kb3 56. Ke7 Bg6 57. Kf6 c3 58. f5 Bh5 59. Kg5
Be2 60. Kf6 Bc4 61. Ke5 c2 62. f6 c1=Q 63. Ke4 Qd2 64. Ke5 Qe3+ 65. Kd6 Qe6+
66. Kc5 Qd5+ 67. Kb6 Kb4 68. Ka7 Qc6 69. Kb8 Qd7 70. Ka8 Bd5+ 71. Kb8 Qb7# 0-1

[Event "Est ch 2020 U12"]
[Site "?"]
[Date "2020.01.26"]
[Round "8.12"]
[White "Gasanbekov, Miroslav"]
[Black "Blohhin, Georg"]
[Result "1-0"]
[WhiteElo "1299"]
[BlackElo "1133"]
[PlyCount "37"]
[SourceVersionDate "2020.01.31"]

1. Nf3 c5 2. d4 cxd4 3. Nxd4 e6 4. Be3 Qb6 5. Qc1 d6 6. Nxe6 Qc6 7. Nxf8 Kxf8
8. Nc3 Bh3 9. Rg1 Be6 10. Bf4 Nf6 11. Qd2 Ke7 12. O-O-O Qa6 13. e3 Qa5 14.
Qxd6+ Ke8 15. Bb5+ Nc6 16. Bxc6+ bxc6 17. Qxc6+ Ke7 18. Bd6+ Kd8 19. Bb4+ 1-0

[Event "Est ch 2020 U12"]
[Site "?"]
[Date "2020.01.26"]
[Round "8.13"]
[White "Jarts, Nikita"]
[Black "Kompus, Karl Erik"]
[Result "1-0"]
[WhiteElo "1082"]
[BlackElo "1128"]
[PlyCount "45"]
[SourceVersionDate "2020.01.31"]

1. d4 d5 2. c4 e6 3. Nc3 Nf6 4. Bg5 Bb4 5. e3 O-O 6. Nf3 h6 7. Bxf6 Qxf6 8. Rc1
c5 9. a3 Bxc3+ 10. Rxc3 cxd4 11. Nxd4 Rd8 12. Qb3 e5 13. Nb5 Rd7 14. cxd5 Qb6
15. Rxc8+ Kh7 16. Bd3+ g6 17. Qc3 Rxd5 18. Nc7 Rc5 19. Nxa8 Rxc3 20. Nxb6 Rxc8
21. Nxc8 Nc6 22. Kd2 Kg7 23. Be4 1-0

[Event "Est ch 2020 U12"]
[Site "?"]
[Date "2020.01.26"]
[Round "8.14"]
[White "Tsõganov, Jaroslav"]
[Black "Lillend, Fredi"]
[Result "0-1"]
[WhiteElo "1046"]
[BlackElo "1106"]
[PlyCount "71"]
[SourceVersionDate "2020.01.31"]

1. e4 e6 2. Nf3 d5 3. e5 f6 4. Bb5+ Bd7 5. Bxd7+ Nxd7 6. O-O Nxe5 7. Nxe5 fxe5
8. Qh5+ Kd7 9. Qf7+ Qe7 10. Qxe7+ Bxe7 11. d3 Nf6 12. Bg5 h6 13. Bxf6 Bxf6 14.
Nd2 c5 15. c4 Rac8 16. f4 exf4 17. Rxf4 Bxb2 18. Rb1 Bd4+ 19. Kh1 Be3 20. Rf7+
Kd6 21. Nf3 Rc7 22. Rxb7 Rxf7 23. Rxf7 Rb8 24. h4 Rb1+ 25. Kh2 Rb2 26. Rxa7
Bf4+ 27. Kh1 Rb1+ 28. Ng1 Be3 29. Ra6+ Ke5 30. Kh2 Bxg1+ 31. Kg3 Ra1 32. a4 Kd4
33. cxd5 exd5 34. Kf4 Kxd3 35. Ke5 d4 36. Kd5 0-1

[Event "Est ch 2020 U12"]
[Site "?"]
[Date "2020.01.26"]
[Round "8.15"]
[White "Sai, Oskar"]
[Black "Kaletin, Artjom"]
[Result "1-0"]
[WhiteElo "1015"]
[BlackElo "1101"]
[PlyCount "79"]
[SourceVersionDate "2020.01.31"]

1. e4 e5 2. Nf3 Nc6 3. Bb5 d6 4. d4 a6 5. Bxc6+ bxc6 6. dxe5 dxe5 7. Qxd8+ Kxd8
8. O-O Bd6 9. c4 c5 10. Nc3 c6 11. Ng5 Be6 12. Rd1 Kc7 13. b3 h6 14. Nf3 Bg4
15. Be3 Bxf3 16. gxf3 f6 17. Na4 g5 18. Nxc5 Bxc5 19. Bxc5 h5 20. Bd6+ Kb7 21.
Bc5 Rh7 22. Rac1 Rf7 23. Rc2 g4 24. fxg4 hxg4 25. Rcd2 Re8 26. Rd7+ Rxd7 27.
Rxd7+ Kc8 28. Ra7 Kb8 29. Rxa6 Rd8 30. Kg2 Rd7 31. b4 Ne7 32. Kg3 f5 33. Bxe7
Rxe7 34. exf5 e4 35. Ra3 Rb7 36. Rb3 c5 37. bxc5 Rxb3+ 38. axb3 e3 39. fxe3 Kc8
40. f6 1-0

[Event "Est ch 2020 U12"]
[Site "?"]
[Date "2020.01.26"]
[Round "8.16"]
[White "Hajanen, Oliver"]
[Black "Akulistõi, Andrei"]
[Result "1/2-1/2"]
[WhiteElo "1173"]
[BlackElo "1164"]
[PlyCount "45"]
[SourceVersionDate "2020.01.31"]

1. e4 e5 2. Nf3 Nc6 3. Bb5 a6 4. Bxc6 dxc6 5. d4 exd4 6. Qxd4 Qxd4 7. Nxd4 Bc5
8. Be3 Ne7 9. f3 Bd7 10. Ke2 O-O 11. Ne6 fxe6 12. Bxc5 Rf7 13. Nd2 b6 14. Ba3
c5 15. Nc4 Bb5 16. b3 Nc6 17. Ke3 Bxc4 18. bxc4 Ne5 19. Ke2 Nxc4 20. Bc1 Rd8
21. Be3 Rfd7 22. Bg5 Rf8 23. Rhd1 1/2-1/2

[Event "Est ch 2020 U18"]
[Site "?"]
[Date "2020.01.23"]
[Round "1.14"]
[White "Savustjan, Arseni"]
[Black "Sadekov, Maksim"]
[Result "0-1"]
[WhiteElo "1461"]
[BlackElo "1874"]
[PlyCount "88"]
[SourceVersionDate "2020.02.03"]

1. e4 e6 2. d4 d5 3. Nc3 Nf6 4. e5 Nfd7 5. Bb5 c5 6. Be3 Nc6 7. Bxc6 bxc6 8.
Nf3 Ba6 9. a3 cxd4 10. Bxd4 c5 11. Be3 d4 12. Bg5 Qb8 13. Na4 Nxe5 14. Bf4
Nxf3+ 15. Qxf3 Qb7 16. Qxb7 Bxb7 17. O-O Bc6 18. b3 Bxa4 19. bxa4 Kd7 20. Rab1
Kc6 21. Bg3 f6 22. f4 Bd6 23. Rfe1 Rhe8 24. Rb2 Rab8 25. Reb1 Rxb2 26. Rxb2 Rb8
27. Ra2 Kd5 28. Kf2 Rb1 29. Ke2 Kc4 30. Be1 Bxf4 31. g3 Bc7 32. a5 a6 33. a4 e5
34. Ra3 e4 35. Bd2 Rh1 36. h4 Rh2+ 37. Kd1 e3 38. Bxe3 dxe3 39. Rxe3 Rh1+ 40.
Kd2 Bxa5+ 41. c3 Rh2+ 42. Kd1 Bxc3 43. Re7 Kd3 44. Rd7+ Bd4 0-1

[Event "Est ch 2020 U18"]
[Site "?"]
[Date "2020.01.23"]
[Round "1.1"]
[White "Chukavin, Kirill"]
[Black "Savinov, Matvei"]
[Result "1-0"]
[WhiteElo "2336"]
[BlackElo "1857"]
[PlyCount "75"]
[SourceVersionDate "2020.02.03"]

1. e4 e5 2. Nf3 Nc6 3. Bb5 a6 4. Ba4 Nf6 5. O-O b5 6. Bb3 Bc5 7. c3 d6 8. a4
Bg4 9. h3 Bh5 10. d3 O-O 11. Nbd2 Re8 12. Re1 Qd7 13. Nf1 d5 14. Qe2 b4 15. Ng3
Bxf3 16. Qxf3 d4 17. cxb4 Bxb4 18. Re2 Nd8 19. Nf5 Ne6 20. Nxg7 Nxg7 21. Qxf6
Bf8 22. f4 Rab8 23. Bc4 Rb6 24. Qh4 Be7 25. Qe1 exf4 26. Bxf4 Reb8 27. Be5 Rg6
28. Qf2 Rf8 29. Kh1 c5 30. Rf1 Bd6 31. Bxd6 Rxd6 32. Qh4 Rg6 33. Ref2 Ne6 34.
Rf6 Nd8 35. Qh5 Kg7 36. Qe5 Kg8 37. Qxc5 Qxa4 38. Qxd4 1-0

[Event "Est ch 2020 U18"]
[Site "?"]
[Date "2020.01.23"]
[Round "1.2"]
[White "Snitsarenko, Igor"]
[Black "Pedoson, Georg Aleksander"]
[Result "0-1"]
[WhiteElo "1818"]
[BlackElo "2241"]
[PlyCount "76"]
[SourceVersionDate "2020.02.03"]

1. e4 c6 2. d4 d5 3. e5 Bf5 4. h4 h6 5. g4 Be4 6. f3 Bh7 7. Bd3 Bxd3 8. Qxd3 e6
9. f4 c5 10. Be3 Nc6 11. c3 h5 12. f5 Qd7 13. fxe6 Qxe6 14. g5 Rc8 15. Ne2 cxd4
16. Bxd4 Nge7 17. Nd2 Ng6 18. Nf3 Be7 19. O-O-O O-O 20. Kb1 b5 21. Ng3 Nf4 22.
Qf5 Qxf5+ 23. Nxf5 Rfe8 24. Nxe7+ Rxe7 25. Be3 Ng6 26. Rxd5 a6 27. Bc5 Re6 28.
Bd6 Na5 29. a4 Nc4 30. axb5 Nf4 31. Rc5 (31. Rd4 Ne2 32. Rxc4 Rxc4 33. b6)
31... Nxd6 32. Rxc8+ Nxc8 33. Rd1 Ne7 34. Rd4 Nfg6 35. Rd6 axb5 36. Rxe6 fxe6
37. Nd4 Nxh4 38. Nxb5 Nf3 0-1

[Event "Est ch 2020 U18"]
[Site "?"]
[Date "2020.01.23"]
[Round "1.3"]
[White "Uibokant, Mathias Robert"]
[Black "Rikas, Artur"]
[Result "1-0"]
[WhiteElo "2126"]
[BlackElo "1809"]
[PlyCount "77"]
[SourceVersionDate "2020.02.03"]

1. Nf3 Nf6 2. d4 d5 3. e3 Bg4 4. Bd3 Nbd7 5. h3 Bh5 6. Nbd2 c6 7. b3 Qc7 8. Bb2
e6 9. a3 Bd6 10. c4 b6 11. Qc2 Rc8 12. Rc1 Bg6 13. e4 dxe4 14. Nxe4 Nxe4 15.
Bxe4 Nf6 16. Bd3 O-O 17. O-O Qe7 18. Bxg6 fxg6 19. b4 Nh5 20. Qe4 Rf4 21. Qe3
Rcf8 22. Ne5 Bxe5 23. Qxe5 R8f5 24. Qe3 e5 25. c5 Rf3 26. Qe4 Rb3 27. Qxc6 Rxb2
28. cxb6 axb6 29. Qd5+ Kh8 30. Rc8+ Rf8 31. Qd7 Qf6 32. dxe5 Qf4 33. g3 Nxg3
34. Rxf8+ Qxf8 35. fxg3 Qa8 36. Qc6 Qd8 37. Qd6 Qxd6 38. exd6 Kg8 39. Rd1 1-0

[Event "Est ch 2020 U18"]
[Site "?"]
[Date "2020.01.23"]
[Round "1.4"]
[White "Nazarov, Vladislav"]
[Black "Aga, Rihard"]
[Result "0-1"]
[WhiteElo "1761"]
[BlackElo "2057"]
[PlyCount "46"]
[SourceVersionDate "2020.02.03"]

1. c4 Nf6 2. Nc3 g6 3. g3 d5 4. cxd5 Nxd5 5. Bg2 Nxc3 6. bxc3 Bg7 7. Nf3 O-O 8.
O-O c5 9. Bb2 Nc6 10. Rb1 Be6 11. a4 Na5 12. Ba3 Rc8 13. Ng5 Bd5 14. Bxd5 Qxd5
15. Nf3 Rfd8 16. Qc2 e5 17. d3 c4 18. Rb5 cxd3 19. Qb2 (19. Rxd5 dxc2 20. Rxa5
e4 21. Nd4 Rxc3 22. Nxc2 Rxc2 23. Rxa7 Rxe2 24. Rxb7 Bd4) 19... Qe4 20. Nd2
Qxa4 21. Be7 dxe2 22. Re1 Rxd2 23. Qxd2 Qxb5 0-1

[Event "Est ch 2020 U18"]
[Site "?"]
[Date "2020.01.23"]
[Round "1.5"]
[White "Orgse, Karl Kristofer"]
[Black "Shnurov, Daniil"]
[Result "1/2-1/2"]
[WhiteElo "1969"]
[BlackElo "1752"]
[PlyCount "154"]
[SourceVersionDate "2020.02.03"]

1. e4 c6 2. d4 d5 3. Nc3 dxe4 4. Nxe4 Bf5 5. Ng3 Bg6 6. h4 h6 7. Nf3 Nd7 8. h5
Bh7 9. Bd3 Bxd3 10. Qxd3 Ngf6 11. Bd2 e6 12. O-O-O Qc7 13. Kb1 Bd6 14. Ne4 Nxe4
15. Qxe4 Nf6 16. Qe2 O-O-O 17. c4 c5 18. Bc3 Qe7 19. Ne5 Rhe8 20. f4 Qc7 21.
Qf3 Ng8 22. Rhe1 Kb8 23. b3 cxd4 24. Rxd4 Bc5 25. Rxd8+ Rxd8 26. Nd3 Bd4 27.
Bb4 Ne7 28. Ne5 Nc6 29. Nxc6+ Qxc6 30. Qxc6 bxc6 31. Re4 Bf6 32. Kc2 Rd4 33.
Re1 Kc7 34. g3 Rd7 35. Bc5 Rd8 36. b4 a6 37. a4 Rd7 38. Rb1 e5 39. f5 Bg5 40.
Rd1 Bf6 41. Rxd7+ Kxd7 42. Be3 Be7 43. Bd2 Bd6 44. Kd3 Ke7 45. Ke4 Kf6 46. Bc3
g6 47. fxg6 fxg6 48. hxg6 Kxg6 49. c5 Bc7 50. Bxe5 Bd8 51. Kd3 Kf5 52. Bb8 h5
53. Kc4 h4 54. gxh4 Bxh4 55. Bc7 Bf2 56. Bh2 Ke6 57. Bf4 Kf5 58. Bd2 Ke4 59.
Bc3 Be3 60. Bf6 Bf2 61. Be7 Be3 62. Bf8 Bf2 63. Bg7 Be3 64. Bc3 Bf2 65. Bd2 Bg1
66. Kc3 Bd4+ 67. Kb3 Kd5 68. Be1 Be3 69. Kc3 Ke4 70. a5 Kd5 71. Kd3 Bd4 72. Bc3
Bf2 73. Bd2 Bd4 74. Be1 Bg1 75. Ke2 Bd4 76. Kf3 Kc4 77. Ke4 Bb2 1/2-1/2

[Event "Est ch 2020 U18"]
[Site "?"]
[Date "2020.01.23"]
[Round "1.6"]
[White "Tomson, Mihkel"]
[Black "Protassov, Vlad"]
[Result "0-1"]
[WhiteElo "1727"]
[BlackElo "1957"]
[PlyCount "62"]
[SourceVersionDate "2020.02.03"]

1. Nf3 Nf6 2. d4 e6 3. Bf4 d5 4. e3 Bd6 5. Bg3 O-O 6. Bd3 c5 7. c3 Nc6 8. Nbd2
b6 9. O-O Bxg3 10. hxg3 Bb7 11. e4 dxe4 12. Nxe4 cxd4 13. cxd4 Nb4 14. Nxf6+
Qxf6 15. a3 Nxd3 16. Qxd3 Rfd8 17. Rfd1 Rd5 18. Rac1 Rh5 19. g4 Bxf3 20. Qxf3
Qxf3 21. gxf3 Rd5 22. f4 g5 23. fxg5 Rxg5 24. f3 h5 25. Kf2 hxg4 26. Rg1 Rd8
27. f4 Rgd5 28. Rxg4+ Kf8 29. Rc7 Rxd4 30. Rxa7 Rd2+ 31. Kg3 R8d3+ 0-1